| 000 | 00540ntaaa2200193 4500 | ||
|---|---|---|---|
| 003 | 01 | ||
| 005 | 20251027202436.0 | ||
| 008 | 0714s1973 ag 01 | ||
| 040 |
_aAR-BaBN _bspa _cAR-BaBN _eaacr _dRIC |
||
| 082 | _a266.0000 D29 | ||
| 100 |
_aDavis, J. Merle _921539 |
||
| 245 | _aConstuyendo sobre cimientos antiguos | ||
| 250 |
_a1 ed. : _bLa Aurora, _cc1945 |
||
| 300 | _a382 p. | ||
| 500 | _a"estudio sobre la estabilización de las iglesias jóvenes en un ambiente apropiado" | ||
| 650 | _aMisiones | ||
| 650 | _aIglesia | ||
| 942 | _cBK | ||
| 999 |
_c19403 _d19403 |
||